000 01224nam a2200229Ia 4500
001 L301-56000
003 IT-CnALBA
008 170116s9999||||xx |||||||||||||| ||und||
040 _aIT-CnALBA
_cIT-CnALBA
041 _aITALIANO
100 _aRICHTER HORST-RBERHARD
245 0 _aGENITORI BAMBINO E NEVROSI. CONFLITTI PARENTALI E RUOLO DEI FIGLI.
250 _a1a ed.
260 _aMILANO
_bRUSCONI, EDITORE
_c1997 [1° Ed.:1997 - Ed.Ling.Originale: 1963]
300 _a336 p.
500 _aINFLUENZA NEVROTIZZANTE DEI GENITORI SUI FIGLI. IPOTESI TEORIE CLASSICHE PSICOLOGIA DEL PROFONDO. IPOTESI PIÙ RECENTI. INFLUENZA STIMOLANTE DELL'ANTROPOLOGIA. CULTURALE. DISGRESSIONI SU PRECEDENTI SCOPERTE DELLA SOCIOLOGIA DELLA FAMIGLIA. CONSEGUENZE NELL
501 _aSocietà San Paolo EM - Piazza San Paolo, 14 - 12051 ALBA (CN) (non commercial uses only) ® Copyright 2017
520 _aINFLUENZA NEVROTIZZANTE DEI GENITORI SUI FIGLI. IPOTESI TEORIE CLASSICHE PSICOLOGIA DEL PROFONDO. IPOTESI PIÙ RECENTI. INFLUENZA STIMOLANTE DELL'ANTROPOLOGIA. CULTURALE. DISGRESSIONI SU PRECEDENTI SCOPERTE DELLA SOCIOLOGIA DELLA FAMIGLIA. CONSEGUENZE NELL
650 _aSCIENZE SOCIALI
942 _cBK
957 _71
999 _a73500
_bNO
_g Copie: 1
_c314836
_d314836